Материалы по районированию и организации Средне-Волжской области. Вып.1: Самарский, Бугурусланский, Бузклукский и Пугачевский округи (Запись № 13484343)

Подробности
000 -МАРКЕР
контрольное поле 01363nam2a22002411 4500
001 - ИДЕНТИФИКАТОР ЗАПИСИ
контрольное поле RU\NLR\A1SV\88031
005 - ИДЕНТИФИКАТОР ВЕРСИИ
контрольное поле 20251203152403.2
035 ## - ДРУГИЕ СИСТЕМНЫЕ НОМЕРА
Идентификатор записи (NLR Aleph) 009769407
100 ## - ДАННЫЕ ОБЩЕЙ ОБРАБОТКИ
Данные общей обработки 20080602d1925 u y0rusy50 ca
101 0# - ЯЗЫК РЕСУРСА
Язык текста, звукозаписи и т.д. русский
200 1# - ЗАГЛАВИЕ И СВЕДЕНИЯ ОБ ОТВЕТСТВЕННОСТИ
Основное заглавие Самарский, Бугурусланский, Бузклукский и Пугачевский округи
Первые сведения об ответственности В сост. участвовали: П.А.Агриков, Г.И.Баскин, проф. А.И.Бессонов [и др.]
215 ## - ФИЗИЧЕСКАЯ ХАРАКТЕРИСТИКА
Специфическое обозначение материала и объем IV, [4], 360 с., 3 л. карт.
461 #1 - УРОВЕНЬ НАБОРА
Встроенное поле 001RU\NLR\A1SV\88030
-- 2000#$aМатериалы по районированию и организации Средне-Волжской области$f[Отв. ред. инж. Б.Л.Сурвилло]$vВып.1
Системный номер (АБИС) связанной записи 10049713
Место публикации Самара
Дата публикации 1925
Первые сведения об ответственности [Отв. ред. инж. Б.Л.Сурвилло]
Имя издателя, распространителя и т.д. Сред.-Волж. план. комис.
Заглавие Материалы по районированию и организации Средне-Волжской области
Номер тома Вып.1
702 #1 - ИМЯ ЛИЦА - ВТОРИЧНАЯ ОТВЕТСТВЕННОСТЬ
Начальный элемент ввода Баскин
Часть имени, кроме начального элемента ввода Г. И.
Даты 1866-1937
Расширение инициалов личного имени Григорий Иванович
702 #1 - ИМЯ ЛИЦА - ВТОРИЧНАЯ ОТВЕТСТВЕННОСТЬ
Начальный элемент ввода Бессонов
Часть имени, кроме начального элемента ввода А. И.
702 #1 - ИМЯ ЛИЦА - ВТОРИЧНАЯ ОТВЕТСТВЕННОСТЬ
Начальный элемент ввода Агриков
Часть имени, кроме начального элемента ввода П. А.
Расширение инициалов личного имени Петр Алексеевич
801 #0 - ИСТОЧНИК ЗАПИСИ
Страна Российская Федерация
Организация NLR
Дата составления 20080602
852 ## - МЕСТОНАХОЖДЕНИЕ И ШИФР ХРАНЕНИЯ
Идентификатор организации NLR
Шифр хранения (Call Number) 21/143(1)
942 ## - ДОПОЛНИТЕЛЬНЫЕ ЭЛЕМЕНТЫ ЗАПИСИ (АБИС)
Тип экземпляра АБИС Книга
980 ## - КОЛЛЕКЦИЯ
Название коллекции Международный сводный каталог русской книги (1918-1926)
980 ## - КОЛЛЕКЦИЯ
Название коллекции Национальная библиография

Нет доступных экземпляров.